000
00243nam a22001097a 4500
041
_a
ENG
245
_a
Guidelines For Estimation Of Flood Damages
260
_a
New Delhi
_b
BIS
_c
1993
300
_a
04
650
_a
BIS Code
856
_u
BIS Code
999
_c
2123
_d
2123